• 首页
  • 本馆介绍
  • 公告通知
  • 最新文献
  • 馆藏检索
  • 电子资源
  • 读者导购
  • 参考咨询
  • 我的图书馆
  • 登录
  • 详细信息显示
  • 放入我的书架
  • 预约/预借图书
  • 作者相关作品
  • 分类相关作品
  • 丛书相关作品
  • 出版社相关作品

书目信息

  • 表格格式
  • 工作单格式
  • 卡片格式
题名:
图解刮痧疗法
    
 
作者: 王义烈 杜德群
分册:  
出版信息: 福州   福建科学技术出版社  1996.06
页数: 166页
开本: 32开
丛书名:
单 册:
中图分类: R244.4-64
科图分类:
主题词: 中医学:临床医学
电子资源:
ISBN: 7-5335-1001-1
000 00546nam0 2200181 45
001 9911301546
005 19991130153330.9
010    @a7-5335-1001-1@d6.30
100    @a19991130d1996 km y0chiy0120 ea
101    @achi
105    @a z 000yy
200 1  @a图解刮痧疗法@ATu Jie Gua Sha Liao Fa@f王义烈 杜德群@FWang Yi Lie Du De Qun
210    @a福州@c福建科学技术出版社@d1996.06
215    @a166页@c无图表@d32开
606 0  @a中医学:临床医学
690    @aR244.4-64@v3
801    @aCN@bPerfectUser@c19991130
905    @aBZT@b50937-939@f8@dR244.4-64@e1
    
    图解刮痧疗法/王义烈 杜德群.-福州:福建科学技术出版社,1996.06
    166页:无图表;32开
    
    
    ISBN 7-5335-1001-1:6.30
    
●
相关链接 在五车中查询图书 在当当中查询图书 在豆瓣中查询图书


正题名:图解刮痧疗法     索取号:R244.4-64/1         预约/预借

序号 登录号 条形码 馆藏地/架位号 状态 备注
1 50939   200563336   中心书库中库/ 中库003架A面6列3层21/ [索取号:R244.4-64/1] 在馆    
2 63318   200563292   中心书库中库/ 中库003架A面4列4层68/ [索取号:R244.4-64/1] 在馆    
3 63320   200563327   中心书库中库/ 中库003架A面6列5层56/ [索取号:R244.4-64/1] 在馆    
4 63322   200563309   中心书库中库/ 中库003架A面6列3层20/ [索取号:R244.4-64/1] 在馆    
山东省滨州职业学院图书馆 欢迎您!
大连网信软件有限公司© 版权所有